El español : activo cultural y valor económico creciente. (Registro nro. 1647)
[ vista simple ]
| 000 -CABECERA | |
|---|---|
| campo de control de longitud fija | 00320nam a2200121 a 4500 |
| 001 - NÚMERO DE CONTROL | |
| campo de control | 000001770 |
| 005 - FECHA Y HORA DE LA ÚLTIMA TRANSACCIÓN | |
| campo de control | 20200929145708.0 |
| 008 - DATOS DE LONGITUD FIJA--INFORMACIÓN GENERAL | |
| campo de control de longitud fija | 090626s2007 000 spa d |
| 020 ## - NÚMERO INTERNACIONAL ESTÁNDAR DEL LIBRO | |
| Número Internacional Estándar del Libro | 9788484552420 |
| 040 ## - FUENTE DE LA CATALOGACIÓN | |
| Centro catalogador/agencia de origen | DO-SdBNP |
| 245 #3 - MENCIÓN DE TÍTULO | |
| Título | El español : activo cultural y valor económico creciente. |
| 260 ## - PUBLICACIÓN, DISTRIBUCIÓN, ETC. | |
| Lugar de publicación, distribución, etc. | Sevilla, |
| Fecha de publicación, distribución, etc. | 2007. |
| Estado de retiro | Estado de pérdida | Restricciones de uso | No para préstamo | Código de colección | Localización permanente | Ubicación/localización actual | Ubicación en estantería | Fecha de adquisición | Número de inventario | Total de préstamos | Signatura topográfica completa | Código de barras | Fecha visto por última vez | Precio válido a partir de | Tipo de ítem Koha |
|---|---|---|---|---|---|---|---|---|---|---|---|---|---|---|---|
| Préstamo interno | Monografías: Libros y Folletos | General | General | En catalogación | 26.06.2009 | LF1 | 1770-10 | 25.06.2020 | 25.06.2020 | Préstamo interno |
